MARC

LEADER 00000nam0a2200000 4500
001 113381
005 20231101215125.0
035 |a (RuTPU)RU\TPU\book\122624 
090 |a 113381 
100 |a 20070410d1967 m y0rusy50 ca 
101 0 |a rus 
102 |a RU 
105 |a a z 000zd 
200 1 |a Радирует "Запад"  |f Л. А. Агабеков, Е. П. Иванов 
210 |a Москва  |c Политиздат  |d 1967 
215 |a 159 с.  |c ил. 
606 1 |a Разведка и контрразведка в Великой Отечественной войне 1941-1945  |2 stltpush  |3 (RuTPU)RU\TPU\subj\66646  |9 82697 
606 1 |a Партизанское движение в Великой Отечественной войне 1941-1945  |2 stltpush  |3 (RuTPU)RU\TPU\subj\66775  |9 82809 
610 1 |a Белоруссия 
610 1 |a партизаны 
610 1 |a чекисты 
610 1 |a диверсии 
686 |a Т3(2)622-35:Ц2  |2 rubbk 
686 |a Т3(2)622,5  |2 rubbk 
700 1 |a Агабеков  |b Л. А.  |g Леон Андреевич 
701 1 |a Иванов  |b Е. П.  |g Евгений Павлович 
801 1 |a RU  |b 63413507  |c 20070410  |g PSBO 
801 2 |a RU  |b 63413507  |c 20180517  |g PSBO 
942 |c BK